University Home | Library Home | Institutional Repository

A guide to learning fluid therapy. (Record no. 56126)

MARC details
000 -LEADER
fixed length control field 00709cam6a220025300 4500
001 - CONTROL NUMBER
control field qce00955456
005 - DATE AND TIME OF LATEST TRANSACTION
control field 20190814132928.0
008 - FIXED-LENGTH DATA ELEMENTS--GENERAL INFORMATION
fixed length control field 750312s1964 ilua b 000 0 eng
010 ## - LIBRARY OF CONGRESS CONTROL NUMBER
LC control number 63013427
035 ## - SYSTEM CONTROL NUMBER
System control number (Sirsi) r68263
035 ## - SYSTEM CONTROL NUMBER
System control number (QCAT)lss00762828
035 ## - SYSTEM CONTROL NUMBER
System control number (UPRA)qce00955456
040 ## - CATALOGING SOURCE
Modifying agency UPRA
050 0# - LIBRARY OF CONGRESS CALL NUMBER
Classification number RM170
Item number .D3
082 ## - DEWEY DECIMAL CLASSIFICATION NUMBER
Classification number 615.63
100 1# - MAIN ENTRY--PERSONAL NAME
Personal name Darrow, Daniel C.
Linkage A29273.1
245 12 - TITLE STATEMENT
Title A guide to learning fluid therapy.
260 ## - PUBLICATION, DISTRIBUTION, ETC.
Place of publication, distribution, etc. Springfield, IL :
Name of publisher, distributor, etc. C.C. Thomas,
Date of publication, distribution, etc. [1964]
504 ## - BIBLIOGRAPHY, ETC. NOTE
Bibliography, etc. note Bibliography: p. 261-275.
650 #0 - SUBJECT ADDED ENTRY--TOPICAL TERM
Topical term or geographic name entry element Fluid therapy.
Linkage S21216.1
650 #0 - SUBJECT ADDED ENTRY--TOPICAL TERM
Topical term or geographic name entry element Body fluids.
Linkage S10861.1
949 ## - LOCAL PROCESSING INFORMATION (OCLC)
a RM170
w LC
i -91575
m MEDICAL
t BOOK
l ON-SHELF

No items available.

© 2026 - The University of Zambia Library - Koha v25.11